Firma constitución 2005: Palacio de la Moneda 17 de septiembre de 2005

Αποθηκεύτηκε σε:
Λεπτομέρειες βιβλιογραφικής εγγραφής
Συγγραφή απο Οργανισμό/Αρχή: Ministerio Secretaría General de Gobierno (Συγγραφέας)
Μορφή: Βιβλίο
Γλώσσα:Ισπανικά
Έκδοση: Santiago Ministerio Secretaria General de Gobierno 2005
Θέματα:
Ετικέτες: Προσθήκη ετικέτας
Δεν υπάρχουν, Καταχωρήστε ετικέτα πρώτοι!

MARC

LEADER 00000nam a2200000 a 4500
001 UCG0410
003 CL-VaPUC
008 100325e20050000CL |||||||||||||||||spa|d
082 0 4 |a 342.0983  |b MIN  |2 21 
110 2 |a Ministerio Secretaría General de Gobierno  |e author  |9 547803 
245 1 0 |a Firma constitución 2005: Palacio de la Moneda 17 de septiembre de 2005 
300 |a 38 p 
942 |c BK 
945 |d 20100325 00:00:00  |a rbrito 
260 |a Santiago  |b Ministerio Secretaria General de Gobierno  |c 2005 
650 0 |a Constitución política  |9 336925 
650 0 |a Derecho constitucional chileno  |9 478271 
583 |a last modification  |c 20131001 04:00:25  |k Rodrigo Vera 
999 |c 340049  |d 340047 
952 |0 0  |1 0  |2 ddc  |4 0  |6 342_098300000000000_MIN_2005  |7 0  |8 A  |9 434408  |a BIBDER  |b BIBDER  |d 2019-11-22  |i 4655141  |o 342.0983 MIN 2005  |p 4655141  |r 2023-01-25  |w 2019-11-22  |y MX  |k DER